Návrh evidenčného systému skladového hospodárstva : Záverečná práca

Uložené v:
Podrobná bibliografia
Hlavný autor: Baňák, Július (Autor)
Ďalší autori: Iringová, Miriam, 1970- (xxx)
Médium: Rukopis Kniha
Jazyk:Slovak
Vydavateľské údaje: Trnava : STU v Bratislave MtF KAIA, 2002
Predmet:
Tagy: Pridať tag
Žiadne tagy, Buďte prvý, kto otaguje tento záznam!

MARC

LEADER 00000ntm a22000003a 4500
001 stu77630
005 20160719155014.3
008 021017s2002----xo------------------slo-d
040 |a STU  |b slo 
041 0 |a slo 
044 |a xo 
100 1 |a Baňák, Július  |4 aut 
245 1 |a Návrh evidenčného systému skladového hospodárstva :  |b Záverečná práca 
260 |a Trnava :  |b STU v Bratislave MtF KAIA,  |c 2002 
300 |a 72 s  |c abstr. 
650 7 |a evidenčné systémy  |2 stusub 
650 7 |a skladové hospodárstvo  |2 stusub 
650 7 |a Aplikovaná informatika  |2 stusub 
700 1 |a Iringová, Miriam,  |d 1970-  |4 xxx  |u M6000  |U MTF Materiálovotechnologická fakulta  |T MTF Ústav aplikovanej informatiky, automatizácie a matematiky  |X 1482  |U M6000  |Y 86  |7 A000001482 
996 |b 284M054688  |c M*BP-88  |l MMSKP  |s P  |a 0  |w stu77630_0001